00377nam a2200121Ia 4500008004100000020001800041050002000059100002000079245008400099260003200183300001800215650002200233120626s9999 xx 000 0 und d a968-24-1198-X aGV529bK67 1982 aKOVACI, Nicolae aSaltos en gimnasiab: técnicas y métodos de enseñanzac/ Nicolae Kovaci aMéxicob: Trillasc, 1982 a143 p.b: il. a1. GimnasiaÌÌ